006440000a22002050004500003001100000005001700011008004100028040003900069041000800108082001800116110004500134245009900179260002000278300001500298490001800313500001400331650001900345650002800364700004600392LK-CoMWRAF20240315111916.0230817t1987 ||||| |||| 00| 0 eng d aLK-CoMWRAFdLK-CoMWRAFeLK-CoMWRAF aeng a348.5493bSRI aSri Lanka, Democratic Socialist Republic a1985 supplement (unofficial) to the revised edition of the legislative enactments of Sri Lanka aSri Lankac1987 a413-455 p. avol.I part 20 aEPF, ETF, aLAW-Sri Lanka  aCivil law and procedure aDeheragoda, E. R. K. D. M. Hector ecomp.